[Event "XVI C.to Mondiale seniores"]
[Site "Arvier ITA"]
[Date "2006.09.12"]
[Round "2"]
[White "Etmans, Maarten D."]
[Black "Loktiev, Ivan"]
[Result "1/2-1/2"]
[WhiteElo "2159"]
[BlackElo "2383"]
[PlyCount "105"]
[EventDate "2006.09.11"]

1. e4 e6 2. d4 d5 3. Nc3 Nf6 4. e5 Nfd7 5. Nf3 c5 6. dxc5 Nxc5 7. Bf4 a6 8. Be2
Nc6 9. O-O Be7 10. a3 O-O 11. b4 Nd7 12. b5 axb5 13. Bxb5 Rxa3 14. Rxa3 Bxa3
15. Qa1 Bb4 16. Na2 Bc5 17. Qc3 Qa5 18. Qxa5 Nxa5 19. Rb1 Nb8 20. Nc3 Bd7 21.
Na4 Be7 22. Bd2 Nac6 23. Be3 f6 24. exf6 gxf6 25. Nb6 Kf7 26. c4 dxc4 27. Bxc4
Rd8 28. Bf4 Bc5 29. Nxd7 Rxd7 30. Re1 Re7 31. g4 Nd7 32. g5 f5 33. Ne5+ Ndxe5
34. Bxe5 Nxe5 35. Rxe5 Bd4 36. Rxf5+ Kg6 37. Rb5 e5 38. Bd5 b6 39. Rb3 Rd7 40.
Be4+ Kxg5 41. Kf1 Kf4 42. Bc6 Ra7 43. Rf3+ Kg5 44. Kg2 Rc7 45. Bd5 b5 46. Rg3+
Kf6 47. Rf3+ Ke7 48. Rf7+ Kd6 49. Rxc7 Kxc7 50. Bg8 h6 51. Kf3 Kd6 52. Bf7 Kc5
53. Ke4 1/2-1/2

[Event "XVI C.to Mondiale seniores"]
[Site "Arvier ITA"]
[Date "2006.09.12"]
[Round "2"]
[White "Giani, Franco"]
[Black "Tschirky, Werner"]
[Result "1/2-1/2"]
[WhiteElo "2043"]
[BlackElo "1815"]
[PlyCount "76"]
[EventDate "2006.09.11"]

1. Nc3 d5 2. d4 e6 3. Nf3 Nf6 4. h3 Bb4 5. Bd2 b6 6. e3 O-O 7. Bd3 Bb7 8. O-O
Bxc3 9. Bxc3 Ba6 10. Ne5 Bxd3 11. Qxd3 c6 12. Bb4 Re8 13. f4 Qc7 14. g4 Ne4 15.
Be1 Nd7 16. Nf3 h6 17. Rc1 g5 18. fxg5 hxg5 19. c4 Kg7 20. Rc2 Rh8 21. Rh2 Rh6
22. Kg2 Rah8 23. Rfh1 f6 24. Nd2 f5 25. Nxe4 fxe4 26. Qe2 Rf8 27. Bg3 Qd8 28.
Rf1 Rxf1 29. Kxf1 Rf6+ 30. Rf2 Rxf2+ 31. Kxf2 Qf6+ 32. Ke1 e5 33. cxd5 cxd5 34.
Qb5 Qe6 35. Qb4 exd4 36. Qxd4+ Kg8 37. b4 Qf7 38. Kd2 Kh7 1/2-1/2

[Event "XVI C.to Mondiale seniores"]
[Site "Arvier ITA"]
[Date "2006.09.12"]
[Round "2"]
[White "Hook, William"]
[Black "Rosino, Antonio"]
[Result "0-1"]
[WhiteElo "2084"]
[BlackElo "2290"]
[PlyCount "68"]
[EventDate "2006.09.11"]

1. d4 Nf6 2. c4 g6 3. Nc3 d5 4. Qb3 dxc4 5. Qxc4 Bg7 6. e4 O-O 7. Nf3 a6 8. Bf4
b5 9. Qd3 Bb7 10. a3 c5 11. dxc5 Nbd7 12. O-O-O Nxc5 13. Qc2 Qc8 14. Nd2 Ncxe4
15. Ndb1 Nxc3 16. Nxc3 Ne4 17. Nxe4 Bxe4 18. Bd3 Bxg2 19. Rhg1 Bf3 20. Rd2 e5
21. Be3 e4 22. Be2 Qxc2+ 23. Kxc2 Rac8+ 24. Kb3 Bxe2 25. Rxe2 Rfd8 26. Bb6 Rd3+
27. Ka2 f5 28. Rg3 Bh6 29. Ba5 Bf4 30. Rxd3 exd3 31. Re7 d2 32. Rd7 Rc1 33.
Bxd2 Rd1 34. Rd8+ Kf7 0-1

[Event "XVI C.to Mondiale seniores"]
[Site "Arvier ITA"]
[Date "2006.09.12"]
[Round "2"]
[White "Kaminik, Aleksandar"]
[Black "Cebalo, Miso"]
[Result "0-1"]
[WhiteElo "2226"]
[BlackElo "2505"]
[PlyCount "75"]
[EventDate "2006.09.11"]

1. d4 Nf6 2. c4 e6 3. Nc3 Bb4 4. a3 Bxc3+ 5. bxc3 c5 6. e3 Nc6 7. Bd3 e5 8. Ne2
d6 9. e4 h6 10. dxc5 dxc5 11. Ng3 Qa5 12. Bd2 Be6 13. Nf1 O-O-O 14. Qe2 Rxd3
15. Qxd3 Rd8 16. Qe2 Qa4 17. Ne3 Nxe4 18. Rd1 f5 19. O-O g6 20. f3 Nd6 21. Rfe1
f4 22. Ng4 Bxc4 23. Qf2 Bb3 24. Ra1 Nc4 25. Bc1 Qa5 26. Rb1 Qxc3 27. Bb2 Nxb2
28. Qxb2 Qxb2 29. Rxb2 c4 30. Nxe5 Nxe5 31. Rxe5 Rd6 32. Kf2 Kc7 33. Ke2 Rc6
34. Re7+ Kb6 35. Rd2 c3 36. Rdd7 c2 37. Rxb7+ Kc5 38. Kd2 0-1

[Event "XVI C.to Mondiale seniores"]
[Site "Arvier ITA"]
[Date "2006.09.12"]
[Round "2"]
[White "Klovans, Janis"]
[Black "Speijer, Nico Bram"]
[Result "1-0"]
[WhiteElo "2433"]
[BlackElo "2201"]
[PlyCount "45"]
[EventDate "2006.09.11"]

1. e4 e6 2. d4 d5 3. Nc3 Nf6 4. Bg5 Be7 5. e5 Nfd7 6. Bxe7 Qxe7 7. f4 a6 8. Nf3
c5 9. Qd2 Nc6 10. dxc5 Qxc5 11. O-O-O b5 12. Ne2 Nb6 13. Ned4 Bd7 14. Nxc6 Bxc6
15. Nd4 Bd7 16. h4 h5 17. Rh3 b4 18. f5 Qe7 19. Rg3 a5 20. Rxg7 Nc4 21. Bxc4
dxc4 22. f6 Qc5 23. Nf5 1-0

[Event "XVI C.to Mondiale seniores"]
[Site "Arvier ITA"]
[Date "2006.09.12"]
[Round "2"]
[White "Kock, Hans-Uwe"]
[Black "Frumson, Yury"]
[Result "0-1"]
[WhiteElo "2130"]
[BlackElo "2317"]
[PlyCount "56"]
[EventDate "2006.09.11"]

1. d4 d5 2. c4 e6 3. Nf3 Nf6 4. e3 Nbd7 5. Nc3 c6 6. Qc2 Bd6 7. Bd2 dxc4 8.
Bxc4 b5 9. Bd3 Bb7 10. O-O O-O 11. e4 e5 12. Rad1 exd4 13. Nxd4 Nc5 14. Be3 Ng4
15. Nf3 Nxe3 16. fxe3 Nxd3 17. Rxd3 Qe7 18. Nd4 g6 19. Rf3 b4 20. Nce2 c5 21.
Nb5 Bb8 22. Nf4 a6 23. Qd1 Bxe4 24. Rd7 Bxf3 25. Qxf3 Qxd7 26. Nd5 Be5 27. Nbc7
Ra7 28. Qe4 Qd6 0-1

[Event "XVI C.to Mondiale seniores"]
[Site "Arvier ITA"]
[Date "2006.09.12"]
[Round "2"]
[White "Korchnoi, Viktor L."]
[Black "Gabriel, Josef"]
[Result "1-0"]
[WhiteElo "2600"]
[BlackElo "2204"]
[PlyCount "103"]
[EventDate "2006.09.11"]

1. d4 f5 2. g3 Nf6 3. Bg2 g6 4. Nh3 Bg7 5. Nf4 d6 6. d5 c6 7. Nc3 O-O 8. h4 Qe8
9. h5 Ng4 10. f3 Ne5 11. e4 Na6 12. Qe2 Nc5 13. hxg6 hxg6 14. exf5 Bxf5 15. Be3
cxd5 16. Nfxd5 Rc8 17. g4 Be6 18. Bh6 Qf7 19. Bxg7 Kxg7 20. Qd2 Rh8 21. f4
Rxh1+ 22. Bxh1 Rh8 23. O-O-O Nxg4 24. Qd4+ Nf6 25. b4 Ncd7 26. Be4 Rh5 27. Nc7
Bf5 28. Bxf5 Rxf5 29. Re1 Nf8 30. Qxa7 Rxf4 31. Qxb7 e5 32. a3 Rc4 33. N3d5
Nxd5 34. Ne8+ Kg8 35. Qxf7+ Kxf7 36. Nxd6+ Ke6 37. Nxc4 Nd7 38. b5 g5 39. a4
Nc3 40. b6 Kd5 41. Nxe5 Nxb6 42. a5 Nba4 43. a6 Nb6 44. a7 Na8 45. Kb2 Ne4 46.
Nf3 g4 47. c4+ Kc5 48. Rxe4 gxf3 49. Kc3 Kb6 50. Rf4 Kxa7 51. Kb4 Nc7 52. Rxf3
1-0

[Event "XVI C.to Mondiale seniores"]
[Site "Arvier ITA"]
[Date "2006.09.12"]
[Round "2"]
[White "Kristiansen, Erling"]
[Black "Gutzeit, Avraham"]
[Result "1/2-1/2"]
[WhiteElo "2236"]
[BlackElo "2079"]
[PlyCount "110"]
[EventDate "2006.09.11"]

1. e4 e5 2. Nf3 Nc6 3. Bc4 Nf6 4. Ng5 d5 5. exd5 Na5 6. d3 h6 7. Nf3 Nxc4 8.
dxc4 Bd6 9. h3 O-O 10. Nc3 a6 11. Be3 b6 12. Qd2 Qe7 13. O-O e4 14. Bxh6 gxh6
15. Qxh6 Nh7 16. Rfe1 Qf6 17. Qxf6 Nxf6 18. Nxe4 Nxe4 19. Rxe4 Bf5 20. Re2 b5
21. g4 Bd7 22. Ne5 Rae8 23. Rae1 Bc8 24. cxb5 axb5 25. Nc6 Rxe2 26. Rxe2 Kg7
27. Re3 f5 28. Ne7 f4 29. Re4 Bd7 30. f3 Ra8 31. a3 b4 32. axb4 Ra1+ 33. Kg2
Ra2 34. Nc6 Rxb2 35. Rc4 Bc8 36. h4 Ba6 37. Rc3 Bb5 38. h5 Kh6 39. Kh3 Rb1 40.
Nd8 Be8 41. Ne6 Be5 42. Rc4 Bb5 43. Re4 Bf1+ 44. Kh4 Bd6 45. g5+ Kh7 46. Nxc7
Bg2 47. Kg4 Rh1 48. Kf5 Bxf3 49. Re6 Bxb4 50. d6 Bc6 51. Rh6+ Kg8 52. Kxf4 Rd1
53. Rg6+ Kf7 54. Rf6+ Kg8 55. Rg6+ Kf7 1/2-1/2

[Event "XVI C.to Mondiale seniores"]
[Site "Arvier ITA"]
[Date "2006.09.12"]
[Round "2"]
[White "Ljubarskij, Juri"]
[Black "Davydov, Mikhail"]
[Result "1/2-1/2"]
[WhiteElo "2341"]
[BlackElo "2113"]
[PlyCount "53"]
[EventDate "2006.09.11"]

1. e4 c6 2. d4 d5 3. Nc3 dxe4 4. Nxe4 Nd7 5. Bc4 Ngf6 6. Ng5 e6 7. Ne2 Nb6 8.
Bd3 c5 9. c3 Be7 10. O-O h6 11. Ne4 c4 12. Nxf6+ gxf6 13. Bxc4 Nxc4 14. Qa4+
Bd7 15. Qxc4 Bc6 16. Re1 Qd7 17. Qd3 O-O-O 18. c4 Rhg8 19. f3 Bc5 20. Bxh6 e5
21. Kf2 Bxd4+ 22. Nxd4 Rxg2+ 23. Kxg2 Qg4+ 24. Kf2 Qh4+ 25. Kg2 Rxd4 26. Qf5+
Bd7 27. Qc2 1/2-1/2

[Event "XVI C.to Mondiale seniores"]
[Site "Arvier ITA"]
[Date "2006.09.12"]
[Round "2"]
[White "Neudel, Bernd"]
[Black "Laco, Giuseppe"]
[Result "0-1"]
[WhiteElo "1969"]
[BlackElo "2143"]
[PlyCount "130"]
[EventDate "2006.09.11"]

1. d4 g6 2. g3 Bg7 3. Bg2 d5 4. Nf3 b6 5. c4 Bb7 6. cxd5 Bxd5 7. Nc3 Bb7 8. O-O
Nd7 9. Qb3 e6 10. e4 Ne7 11. Be3 O-O 12. Rfd1 c6 13. Rd2 h6 14. Rad1 Kh7 15.
Ne1 Qc7 16. Nd3 Rae8 17. Rc1 Qb8 18. f4 f5 19. e5 Nd5 20. Nxd5 exd5 21. Nb4 Qa8
22. Rdc2 Re6 23. Nd3 Rc8 24. Qc3 a5 25. a3 a4 26. Qd2 Bf8 27. Qf2 Ba6 28. Qd2
Ree8 29. Bh3 h5 30. Bf1 Be7 31. Nb4 Bb7 32. Nd3 Nf8 33. Qf2 Ne6 34. Ne1 Rc7 35.
h4 Rec8 36. Nf3 c5 37. Qd2 c4 38. Qc3 b5 39. Bd2 Bc6 40. Qe3 b4 41. axb4 Qb7
42. Be2 Bxb4 43. Ng5+ Nxg5 44. hxg5 Bxd2 45. Qxd2 Rb8 46. Ra1 Qb6 47. Qd1 Kg8
48. Qd2 Rcb7 49. Bd1 Qc7 50. Qf2 Rb4 51. Rd2 Qb6 52. Ra2 Kf7 53. Qe3 Ke6 54.
Qc3 Qa7 55. Kg2 Qh7 56. Qe3 h4 57. gxh4 Qxh4 58. Qg3 Qh7 59. Bf3 Rb3 60. Kf1
Rh8 61. Ra3 c3 62. Rxb3 cxd2 63. Rb6 Qh1+ 64. Bxh1 d1=Q+ 65. Kf2 Qxd4+ 0-1

[Event "XVI C.to Mondiale seniores"]
[Site "Arvier ITA"]
[Date "2006.09.12"]
[Round "2"]
[White "Nordstrom, Felix"]
[Black "Arkhangelsky, Boris"]
[Result "1/2-1/2"]
[WhiteElo "2178"]
[BlackElo "2395"]
[PlyCount "51"]
[EventDate "2006.09.11"]

1. d4 Nf6 2. c4 e6 3. Nc3 Bb4 4. Qc2 O-O 5. a3 Bxc3+ 6. Qxc3 b5 7. cxb5 c6 8.
Bg5 h6 9. Bxf6 Qxf6 10. bxc6 Nxc6 11. e3 Bb7 12. Nf3 Rfc8 13. Qd3 Na5 14. Be2
Bd5 15. O-O Nb3 16. Rab1 Rab8 17. Ne5 d6 18. Nf3 a5 19. e4 Bc4 20. Qe3 Bxe2 21.
Qxe2 Nxd4 22. Nxd4 Qxd4 23. Rfd1 Qb6 24. Qd3 Rc6 25. b4 axb4 26. Rxb4 1/2-1/2

[Event "XVI C.to Mondiale seniores"]
[Site "Arvier ITA"]
[Date "2006.09.12"]
[Round "2"]
[White "Ofstad, Per"]
[Black "Kraaykamp, Wim"]
[Result "1-0"]
[WhiteElo "2151"]
[BlackElo "1901"]
[PlyCount "75"]
[EventDate "2006.09.11"]

1. e4 c6 2. d4 d5 3. Nc3 dxe4 4. Nxe4 Nd7 5. Bc4 e6 6. Nf3 Ngf6 7. Nxf6+ Nxf6
8. O-O Be7 9. Qe2 O-O 10. c3 Qc7 11. Bg5 Nd5 12. Bxe7 Qxe7 13. Rad1 b6 14. Rfe1
Bb7 15. Bb3 Qf6 16. Ne5 Nf4 17. Qf3 Qg5 18. Nd3 Nxd3 19. Rxd3 Rad8 20. Rde3 Ba8
21. Re5 Qg6 22. Qg3 Qxg3 23. hxg3 Rd6 24. f3 g6 25. Kf2 Kg7 26. g4 Rc8 27. g5
c5 28. dxc5 bxc5 29. Bc4 Bd5 30. Rd1 Rcd8 31. Bxd5 Rxd5 32. Rdxd5 Rxd5 33. Rxd5
exd5 34. b4 cxb4 35. cxb4 Kf8 36. Ke3 Ke7 37. Kd4 Kd6 38. b5 1-0

[Event "XVI C.to Mondiale seniores"]
[Site "Arvier ITA"]
[Date "2006.09.12"]
[Round "2"]
[White "Piankov, Evgenij"]
[Black "Viner, Phillip J."]
[Result "0-1"]
[WhiteElo "2324"]
[BlackElo "2140"]
[PlyCount "70"]
[EventDate "2006.09.11"]

1. d4 Nf6 2. Nf3 e6 3. Bg5 c5 4. e3 Nc6 5. c3 b6 6. Bd3 Bb7 7. Nbd2 Be7 8. Qe2
Rc8 9. O-O h6 10. Bxf6 Bxf6 11. Rad1 O-O 12. Bb1 cxd4 13. exd4 d6 14. h4 h5 15.
Ne4 g6 16. Nfg5 Nb8 17. f4 Ba6 18. Bd3 Bxd3 19. Rxd3 d5 20. Nd2 Nd7 21. Rg3 Bg7
22. Ndf3 Qe8 23. Re1 Nf6 24. Ne5 Rc7 25. Re3 Re7 26. Qd1 Bh6 27. Qb3 Kg7 28.
Qc2 Bxg5 29. fxg5 Ne4 30. Rf3 f5 31. gxf6+ Rxf6 32. Rxf6 Kxf6 33. Qc1 Kg7 34.
Rf1 Ng3 35. Rf3 Ne2+ 0-1

[Event "XVI C.to Mondiale seniores"]
[Site "Arvier ITA"]
[Date "2006.09.12"]
[Round "2"]
[White "Plachetka, Jan"]
[Black "Manukyan, Aleksan"]
[Result "1-0"]
[WhiteElo "2427"]
[BlackElo "2195"]
[PlyCount "99"]
[EventDate "2006.09.11"]

1. e4 e6 2. d4 d5 3. Nc3 Nf6 4. Bg5 dxe4 5. Nxe4 Nbd7 6. Nf3 h6 7. Bh4 Be7 8.
Nxf6+ Nxf6 9. Bd3 c5 10. dxc5 Qa5+ 11. c3 Qxc5 12. Qe2 O-O 13. O-O-O Nd5 14.
Qe4 f5 15. Bxe7 Qxe7 16. Qe5 Qc7 17. Qxc7 Nxc7 18. Bc4 b5 19. Bb3 a5 20. a4
bxa4 21. Bxa4 Bb7 22. Ne5 Rfd8 23. Bc6 Bxc6 24. Nxc6 Rxd1+ 25. Rxd1 Nd5 26. Kc2
Kf7 27. c4 Nb6 28. Kb3 Kf6 29. Rd6 a4+ 30. Kb4 Nc8 31. Rd8 e5 32. Kc5 g6 33. f3
h5 34. Rf8+ Ke6 35. Re8+ Kf6 36. Rxe5 a3 37. bxa3 Rxa3 38. Re8 Na7 39. Rf8+ Kg5
40. Ra8 Nb5 41. Rxa3 Nxa3 42. Ne5 f4 43. Nd3 Kf5 44. Kd5 Nc2 45. c5 Ne3+ 46.
Kd6 Nc4+ 47. Kd7 g5 48. c6 g4 49. c7 Nb6+ 50. Kd8 1-0

[Event "XVI C.to Mondiale seniores"]
[Site "Arvier ITA"]
[Date "2006.09.12"]
[Round "2"]
[White "Renzini, Lorenzo"]
[Black "Hutchings, Frank"]
[Result "1/2-1/2"]
[WhiteElo "1821"]
[BlackElo "2054"]
[PlyCount "73"]
[EventDate "2006.09.11"]

1. c4 c5 2. Nc3 Nf6 3. Nf3 Nc6 4. g3 g6 5. Bg2 Bg7 6. O-O O-O 7. d4 cxd4 8.
Nxd4 Nxd4 9. Qxd4 d6 10. Qd2 Rb8 11. b3 b6 12. Bb2 Bb7 13. e4 Qd7 14. Nd5 Nxd5
15. Bxg7 Kxg7 16. cxd5 Rbc8 17. Rac1 Rxc1 18. Rxc1 Rc8 19. h4 Rxc1+ 20. Qxc1
Qc8 21. Qb2+ Kg8 22. Kh2 Qc5 23. Bf1 Bc8 24. b4 Qc7 25. Qe2 h5 26. Qb5 Bd7 27.
Qd3 Qc8 28. b5 Qc5 29. Kg2 Qc8 30. Qc4 Qxc4 31. Bxc4 Kg7 32. Kf3 f6 33. Ke3 Kh6
34. f4 g5 35. Kd4 gxh4 36. gxh4 Bg4 37. Bd3 1/2-1/2

[Event "XVI C.to Mondiale seniores"]
[Site "Arvier ITA"]
[Date "2006.09.12"]
[Round "2"]
[White "Reves Balleste, Jose'"]
[Black "Malmdin, Nils Ake"]
[Result "0-1"]
[WhiteElo "1975"]
[BlackElo "2218"]
[PlyCount "132"]
[EventDate "2006.09.11"]

1. e4 d5 2. exd5 Nf6 3. d4 Bg4 4. Nf3 Qxd5 5. Be2 Nc6 6. Nc3 Qh5 7. O-O O-O-O
8. h3 Nxd4 9. Nxd4 Bxe2 10. Ncxe2 e5 11. c3 exd4 12. cxd4 Bd6 13. Qc2 Rhe8 14.
Nc3 Kb8 15. Be3 Ng4 16. Rfe1 f5 17. Qd2 Nxe3 18. fxe3 Bg3 19. Rf1 c6 20. Rf3
Bc7 21. Qc2 g6 22. Rd1 Qg5 23. Qf2 Qe7 24. a3 h5 25. Qc2 Qe6 26. Qf2 Qd6 27.
Kf1 Qh2 28. Qg1 Qd6 29. Qf2 Qe6 30. Rd2 Re7 31. Re2 Qc4 32. Kg1 Rde8 33. Rd2
Qe6 34. Nd1 Qd6 35. Kf1 Qf6 36. Nc3 Qd6 37. Nd1 Qd5 38. Nc3 Qc4+ 39. Kg1 a6 40.
Nd1 f4 41. Rxf4 Bxf4 42. Qxf4+ Ka8 43. Kh2 Rf7 44. Qg5 Qe6 45. Qg3 Rf1 46. Qc7
h4 47. d5 cxd5 48. Nc3 Rf7 49. Qc5 Qe5+ 50. Kg1 Qxe3+ 51. Qxe3 Rxe3 52. Rd1 d4
53. Nd5 Re2 54. Rxd4 Re1+ 55. Kh2 g5 56. Rd2 Rff1 57. g4 Rd1 58. Rxd1 Rxd1 59.
Nc7+ Kb8 60. Ne6 Rd5 61. Kg2 Kc8 62. Kf3 Kd7 63. Ng7 Rd3+ 64. Ke4 Rxh3 65. Kf5
Rf3+ 66. Kxg5 h3 0-1

[Event "XVI C.to Mondiale seniores"]
[Site "Arvier ITA"]
[Date "2006.09.12"]
[Round "2"]
[White "Serra Olives, Tomas"]
[Black "Tatai, Stefano"]
[Result "0-1"]
[WhiteElo "2140"]
[BlackElo "2361"]
[PlyCount "52"]
[EventDate "2006.09.11"]

1. e4 c5 2. Nf3 d6 3. d4 cxd4 4. Nxd4 Nf6 5. Nc3 a6 6. Be3 e5 7. Nb3 Be6 8. f4
Ng4 9. Bd2 Qb6 10. Qe2 exf4 11. Bxf4 Nd7 12. Nd5 Bxd5 13. exd5+ Nge5 14. O-O-O
g6 15. h4 h5 16. Kb1 Bg7 17. g3 O-O 18. Bh3 Rfe8 19. Rhe1 Nf6 20. Bxe5 Rxe5 21.
Qc4 Rae8 22. Rxe5 Rxe5 23. a3 Ne4 24. Bc8 Re7 25. g4 Nf2 26. Rf1 Re4 0-1

[Event "XVI C.to Mondiale seniores"]
[Site "Arvier ITA"]
[Date "2006.09.12"]
[Round "2"]
[White "Siegmund, Rainer"]
[Black "Karasev, Vladimir I."]
[Result "1/2-1/2"]
[WhiteElo "2154"]
[BlackElo "2379"]
[PlyCount "62"]
[EventDate "2006.09.11"]

1. d4 b6 2. c4 Bb7 3. Nc3 e6 4. a3 Nf6 5. d5 exd5 6. cxd5 b5 7. g3 b4 8. axb4
Bxb4 9. Bg2 O-O 10. Nh3 c6 11. Nf4 cxd5 12. O-O Bxc3 13. bxc3 Re8 14. Be3 a5
15. Nxd5 Nxd5 16. Bxd5 Bxd5 17. Qxd5 Ra6 18. Ra4 Nc6 19. Rd1 Qf6 20. Qb5 Raa8
21. Rxd7 Qxc3 22. Bd2 Qf6 23. Bxa5 Qe6 24. Rd2 Reb8 25. Qd5 Qh3 26. Rd1 Rc8 27.
Raa1 Nxa5 28. Rxa5 Rab8 29. Ra7 Rf8 30. Rd7 h6 31. Qd6 Qg4 1/2-1/2

[Event "XVI C.to Mondiale seniores"]
[Site "Arvier ITA"]
[Date "2006.09.12"]
[Round "2"]
[White "Smits, Oswald"]
[Black "Santos, Julio"]
[Result "1-0"]
[WhiteElo "1887"]
[BlackElo "2090"]
[PlyCount "75"]
[EventDate "2006.09.11"]

1. d4 d5 2. Nf3 Nf6 3. Nbd2 Nbd7 4. e3 c5 5. b3 cxd4 6. exd4 Qc7 7. Bb2 e6 8.
Bd3 Bd6 9. O-O b6 10. Rc1 a5 11. h3 Qb8 12. Re1 O-O 13. Ne5 Bb7 14. Qe2 Rc8 15.
Nxd7 Nxd7 16. Nf3 Bf4 17. Rcd1 Rc7 18. g3 Bd6 19. Ng5 Nf6 20. Nf3 Qc8 21. Ne5
Bb4 22. Rf1 Bc3 23. Bc1 Bxd4 24. Bf4 Bc3 25. g4 Rc5 26. Nf3 Qc6 27. Ne5 Qc8 28.
Be3 d4 29. Bf4 Nd5 30. Bc1 Qc7 31. g5 Bb4 32. Qe4 g6 33. Ng4 Bc3 34. Nh6+ Kg7
35. Qh4 Ne7 36. Ng4 h5 37. gxh6+ Kh8 38. Qf6+ 1-0

[Event "XVI C.to Mondiale seniores"]
[Site "Arvier ITA"]
[Date "2006.09.12"]
[Round "2"]
[White "Taksrud, Vidar"]
[Black "Filzmaier, Bruno"]
[Result "1-0"]
[WhiteElo "2120"]
[BlackElo "1952"]
[PlyCount "47"]
[EventDate "2006.09.11"]

1. d4 e6 2. Nf3 d5 3. g3 Nf6 4. Bg2 b5 5. O-O Bb7 6. Bf4 Nbd7 7. Nc3 a6 8. Re1
c5 9. e4 dxe4 10. Ng5 Nd5 11. Nxd5 Bxd5 12. Nxe4 c4 13. Nd6+ Bxd6 14. Bxd5 Bxf4
15. Bxa8 Qxa8 16. gxf4 Qd5 17. c3 h5 18. Re3 Rh6 19. Qf3 Qf5 20. Rae1 Rg6+ 21.
Kh1 Rg4 22. Qa8+ Ke7 23. d5 e5 24. Rxe5+ 1-0

[Event "XVI C.to Mondiale seniores"]
[Site "Arvier ITA"]
[Date "2006.09.12"]
[Round "2"]
[White "Thieme, Hans"]
[Black "Di Cio', Enrico"]
[Result "1-0"]
[WhiteElo "2053"]
[BlackElo "1825"]
[PlyCount "53"]
[EventDate "2006.09.11"]

1. e4 e5 2. Nc3 Nf6 3. Bc4 Bc5 4. f4 d6 5. Nf3 exf4 6. d4 Bb6 7. Bxf4 O-O 8.
O-O Bg4 9. Bg5 h6 10. Bh4 g5 11. Bf2 Nxe4 12. Nxe4 d5 13. Bxd5 c6 14. Bb3 Nd7
15. h3 Bh5 16. Ng3 Bg6 17. c3 Qc7 18. Ne2 Rae8 19. Bg3 Qd8 20. Bd6 Nf6 21. Bxf8
Kxf8 22. Kh1 Kg7 23. Ne5 Bc7 24. Nxg6 Kxg6 25. Qd3+ Kg7 26. Ng3 Bb8 27. Rxf6
1-0

[Event "XVI C.to Mondiale seniores"]
[Site "Arvier ITA"]
[Date "2006.09.12"]
[Round "2"]
[White "Thonig, Manfred"]
[Black "Belokopyt, Boris"]
[Result "0-1"]
[WhiteElo "1805"]
[BlackElo "2050"]
[PlyCount "60"]
[EventDate "2006.09.11"]

1. f4 d5 2. Nf3 c5 3. e3 Nf6 4. Ne5 a6 5. b3 Nc6 6. d4 cxd4 7. exd4 Bf5 8. Be2
e6 9. O-O Be7 10. c3 O-O 11. Nd2 Ne4 12. Nxe4 Bxe4 13. Bf3 f6 14. Ng4 Qa5 15.
b4 Qc7 16. Bxe4 dxe4 17. Qe2 f5 18. Ne5 Nxe5 19. fxe5 Qxc3 20. Be3 Qc6 21. a3
Rac8 22. Rac1 Qd5 23. Rxc8 Rxc8 24. Qh5 Qb3 25. Re1 Qxa3 26. d5 Qxb4 27. Qd1
Bc5 28. dxe6 Bxe3+ 29. Rxe3 Qc5 30. Qd2 f4 0-1

[Event "XVI C.to Mondiale seniores"]
[Site "Arvier ITA"]
[Date "2006.09.12"]
[Round "2"]
[White "Vasiukov, Evgeni A."]
[Black "Sax, Hans"]
[Result "1-0"]
[WhiteElo "2505"]
[BlackElo "1966"]
[PlyCount "51"]
[EventDate "2006.09.11"]

1. e4 d5 2. exd5 Nf6 3. d4 Nxd5 4. c4 Nb6 5. c5 Nd5 6. Bc4 g6 7. Qb3 c6 8. Nc3
e6 9. Nf3 Bg7 10. O-O Nxc3 11. bxc3 Nd7 12. Bg5 Nf6 13. Rfe1 O-O 14. Rab1 h6
15. Bh4 Kh7 16. h3 Qe8 17. Bg3 Qd8 18. Bd6 Re8 19. Ne5 Kg8 20. Re3 Bf8 21. Qc2
Bxd6 22. cxd6 Nh5 23. Rf3 Rf8 24. d7 Bxd7 25. Rxb7 Be8 26. Nxg6 1-0

[Event "XVI C.to Mondiale seniores"]
[Site "Arvier ITA"]
[Date "2006.09.12"]
[Round "2"]
[White "Wagner, Carl E."]
[Black "Chernikov, Oleg L."]
[Result "0-1"]
[WhiteElo "2209"]
[BlackElo "2422"]
[PlyCount "96"]
[EventDate "2006.09.11"]

1. e4 c5 2. Nf3 g6 3. d4 cxd4 4. Nxd4 Bg7 5. c4 Nc6 6. Be3 Nf6 7. Nc3 d6 8. Be2
O-O 9. O-O Nxd4 10. Bxd4 Be6 11. Qd2 a5 12. f3 a4 13. Nd5 Bxd5 14. cxd5 Nd7 15.
Be3 a3 16. Bd4 Bxd4+ 17. Qxd4 axb2 18. Qxb2 Nc5 19. Rfc1 Qa5 20. Rc2 Qa3 21.
Rb1 Qxb2 22. Rbxb2 Rfc8 23. Bb5 Ra3 24. Kf2 Kg7 25. Ke2 g5 26. h3 Kf6 27. Kf2
h5 28. Re2 Ke5 29. Re3 Rca8 30. Rxa3 Rxa3 31. Rc2 g4 32. hxg4 hxg4 33. Bc4 Kf4
34. Be2 g3+ 35. Ke1 Ke3 36. Bc4 Ra8 37. Re2+ Kd4 38. Bb5 Ra3 39. Rd2+ Kc3 40.
Be2 Ra4 41. Kd1 Rb4 42. Rc2+ Kd4 43. Kd2 b5 44. Kc1 Nd3+ 45. Bxd3 Kxd3 46. a3
Rc4 47. Rxc4 Kxc4 48. Kc2 f6 0-1

[Event "XVI C.to Mondiale seniores"]
[Site "Arvier ITA"]
[Date "2006.09.12"]
[Round "2"]
[White "Westerinen, Heikki M.J."]
[Black "Beggi, Pierluigi"]
[Result "1/2-1/2"]
[WhiteElo "2378"]
[BlackElo "2151"]
[PlyCount "90"]
[EventDate "2006.09.11"]

1. e4 c5 2. Nf3 e6 3. Nc3 Nc6 4. Bb5 Nge7 5. d4 cxd4 6. Nxd4 Nxd4 7. Qxd4 a6 8.
Ba4 b5 9. Bb3 Nc6 10. Qd3 Qc7 11. f4 Bb4 12. a3 Bc5 13. e5 Nd4 14. Be3 Qb6 15.
Bxd4 Bxd4 16. O-O-O Bxc3 17. Qxc3 O-O 18. Rd6 Qf2 19. Qd2 Qxd2+ 20. Kxd2 Bb7
21. Rg1 Rad8 22. Ke3 f6 23. exf6 Rxf6 24. f5 Kf8 25. fxe6 Ke7 26. Rgd1 Bc8 27.
R6d4 d6 28. Re4 Bxe6 29. g4 Kd7 30. g5 Rg6 31. Bd5 Bxd5 32. Rxd5 Re6 33. a4
Rxe4+ 34. Kxe4 Kc6 35. axb5+ axb5 36. Rf5 Re8+ 37. Kd3 Re7 38. h4 Kb6 39. c3
Kc6 40. b4 Re1 41. Rf4 Kd5 42. Rf5+ Kc6 43. Rf7 Rh1 44. Rf4 Kd5 45. Rf5+ Kc6
1/2-1/2

[Event "XVI C.to Mondiale seniores"]
[Site "Arvier ITA"]
[Date "2006.09.12"]
[Round "2"]
[White "Zaric, Srboljub"]
[Black "Hocevar, Nikola"]
[Result "1-0"]
[WhiteElo "2241"]
[BlackElo "2090"]
[PlyCount "193"]
[EventDate "2006.09.11"]

1. e4 c5 2. Nf3 Nc6 3. d4 cxd4 4. Nxd4 g6 5. Nc3 Bg7 6. Be3 Nf6 7. Bc4 d6 8. f3
Bd7 9. Qd2 Rc8 10. Bb3 a6 11. O-O-O Na5 12. Bh6 Nxb3+ 13. Nxb3 Bxh6 14. Qxh6
Qc7 15. h4 b5 16. Rd2 Be6 17. g4 b4 18. Ne2 a5 19. Nf4 a4 20. Nxe6 fxe6 21. Nd4
e5 22. Ne2 b3 23. a3 bxc2 24. Nc3 Qc4 25. h5 Rg8 26. hxg6 hxg6 27. Qe3 Qb3 28.
Rxc2 Kf7 29. Qd3 Rh8 30. Rch2 Rxh2 31. Rxh2 Rc4 32. Qc2 d5 33. Qxb3 axb3 34.
exd5 Nxd5 35. Kd2 Nxc3 36. bxc3 Ra4 37. Kd3 Rxa3 38. Rb2 Ke6 39. c4 Kd6 40. Kc3
Kc5 41. Rxb3 Ra1 42. Rb5+ Kd6 43. Kd3 Rd1+ 44. Ke3 e6 45. Rb6+ Kd7 46. Rb7+ Kd6
47. Rb6+ Kd7 48. c5 Re1+ 49. Kd3 Rf1 50. Ke3 Re1+ 51. Kf2 Rc1 52. Rb7+ Kc6 53.
Rb6+ Kxc5 54. Rxe6 Kd5 55. Rxg6 e4 56. fxe4+ Kxe4 57. Kg3 Ke5 58. Kh4 Rh1+ 59.
Kg5 Rh8 60. Rg7 Ke6 61. Kg6 Ra8 62. g5 Rh8 63. Ra7 Rg8+ 64. Kh6 Rh8+ 65. Kg7
Rh1 66. Ra2 Rg1 67. g6 Ke7 68. Re2+ Kd8 69. Re5 Kd7 70. Kf7 Rf1+ 71. Kg8 Rg1
72. g7 Kd6 73. Rh5 Ke7 74. Kh7 Kf7 75. Rf5+ Ke6 76. Ra5 Rh1+ 77. Kg8 Ke7 78.
Rf5 Ke6 79. Kf8 Kxf5 80. g8=Q Rh5 81. Qd5+ Kg6 82. Qe6+ Kg5 83. Kg7 Kh4 84.
Qe4+ Kg3 85. Kg6 Rh4 86. Qe1+ Kg4 87. Qf2 Rh3 88. Qd4+ Kf3 89. Kg5 Rg3+ 90. Kf5
Kg2 91. Qe4+ Kh2 92. Kf4 Rg2 93. Kf3 Kg1 94. Qh4 Rg8 95. Qf2+ Kh1 96. Qa2 Rf8+
97. Kg3 1-0

[Event "XVI C.to Mondiale seniores"]
[Site "Arvier ITA"]
[Date "2006.09.12"]
[Round "2"]
[White "Zelkind, Simeon"]
[Black "Profaizer, Gino"]
[Result "0-1"]
[WhiteElo "1853"]
[BlackElo "2060"]
[PlyCount "42"]
[EventDate "2006.09.11"]

1. e4 c6 2. d4 d5 3. exd5 cxd5 4. Bd3 Nc6 5. c3 g6 6. Nf3 Bg7 7. Bf4 Nf6 8. h3
O-O 9. O-O Bf5 10. Bxf5 gxf5 11. Nbd2 e6 12. Ne5 Nxe5 13. Bxe5 Ne4 14. Bxg7
Kxg7 15. Nf3 Kh8 16. Qe2 Rg8 17. Qe3 Qf6 18. Qf4 Rg7 19. Kh2 Rag8 20. Nh4 h6
21. f3 Ng3 0-1